| 000 | 01582nam0a2200409 4500 | ||
|---|---|---|---|
| 001 | RU\NLR\BIBL_A\011745683 | ||
| 005 | 20180720142746.0 | ||
| 010 |
_a978-5-4484-0216-6 _9500 |
||
| 021 |
_aRU _bКН-П-18-041689 _9КН-П-18-3008 |
||
| 035 | _a(NLR Aleph) 011745683 | ||
| 035 | _a(RuMoRGB)009652097 | ||
| 090 |
_a11601245 _c11601245 |
||
| 100 | _a20180709d2018 k y0rusy50 ca | ||
| 101 | 0 | _arus | |
| 102 | _aRU | ||
| 105 | _aa zzzz000|1zd | ||
| 200 | 1 |
_aВизантийская "симфония" _e[сборник] _fАлексей Величко |
|
| 205 | _a[Изд. 3-е, расшир. и доп.] | ||
| 210 |
_aМосква _cВече _d2018 |
||
| 215 |
_a606, [1] с. _cил. _d22 |
||
| 300 | _aВ вып. дан. авт.: Величко А. М., д. ю. н. | ||
| 320 | _aБиблиогр. в подстроч. примеч. | ||
| 333 | _a12+ | ||
| 606 | 1 |
_aЦерковь _jСборники _xИстория _yВизантия _9892583 _3RU\NLR\AUTH\66323132 |
|
| 606 | 1 |
_aЦерковь и государство _jСборники _91469072 _3RU\NLR\AUTH\66314699 |
|
| 607 |
_aВизантия _jСборники _xИстория _9911077 _3RU\NLR\AUTH\6613022 |
||
| 686 | 1 | _aТ3(0)44я44 | |
| 686 | 2 | _aЭ37-341.1я44 | |
| 686 | 2 | _aЭ37-115я44 | |
| 700 | 1 |
_aВеличко _bА. М. _f1963- _gАлексей Михайлович |
|
| 942 | _cBOOK | ||
| 980 | _aNBR | ||
| 980 | _aNB | ||